| 000 | 01213nac a22002531u 4500 | ||
|---|---|---|---|
| 008 | 100906t xxu||||| |||| 00| 0 eng d | ||
| 010 | _a2004101426 | ||
| 020 | _a0764557440 (pbk.) : | ||
| 020 | _a812650501x | ||
| 082 | 0 | 0 |
_a005.2762 _bG5491 |
| 100 |
_a20080729 _918132 |
||
| 245 | 0 | 0 |
_aBeginning PHP, Apache, MySQL web development / _cMichael Glass ... [et al.]. |
| 260 |
_aNew Delhi : _bWiley, _cc2004. |
||
| 300 |
_axx, 700 p. : _bill. ; _c24 cm. |
||
| 504 | _aIncludes bibliographical references (p. [655]) and index. | ||
| 650 | 0 |
_aPHP (Computer program language) _918133 |
|
| 650 | 0 |
_aWeb site development. _918134 |
|
| 700 | 1 |
_aGlass, Michael _q(Michael K.) _918135 |
|
| 856 | 4 | 2 |
_3Contributor biographical information _uhttp://www.loc.gov/catdir/bios/wiley047/2004101426.html |
| 856 | 4 | 2 |
_3Publisher description _uhttp://www.loc.gov/catdir/description/wiley041/2004101426.html |
| 856 | 4 | 2 |
_3Table of contents _uhttp://www.loc.gov/catdir/toc/wiley041/2004101426.html |
| 942 |
_cBB _k005.2762G5491 _2ddc |
||
| 999 |
_c565 _d565 |
||